La estetización del mundo: vivir en la época del capitalismo artístico

Sparad:
Bibliografiska uppgifter
Huvudupphovsmän: Lipovetsky, Gilles (autor), Serroy, Jean (Författare, medförfattare)
Materialtyp: Bok
Språk:spanska
Publicerad: Barcelona Anagrama 2015
Upplaga:1a. ed
Ämnen:
Taggar: Lägg till en tagg
Inga taggar, Lägg till första taggen!

MARC

LEADER 00000cam a2200000 a 4500
001 UCE7099
003 CL-VaPUC
008 150529e20150000sp |||||||||||||||||spa|d
020 |a 9788433963758 
082 0 4 |a 306  |b LIP  |2 21 
100 |a Lipovetsky, Gilles  |e autor  |9 579825 
700 0 |a Serroy, Jean  |e author  |9 579826 
245 1 3 |a La estetización del mundo: vivir en la época del capitalismo artístico 
250 |a 1a. ed 
300 |a 403 p 
942 |c BK 
945 |d 20150529 15:00:00  |a dcastane 
260 |a Barcelona  |b Anagrama  |c 2015 
650 0 |a Sociología   |9 255410 
650 0 |a Comunismo  |9 255588 
650 0 |a Capitalismo  |9 255255 
650 0 |a Globalización  |9 361930 
583 |a last modification  |c 20150529 15:00:00  |k Rodrigo Vera 
999 |c 359233  |d 359231 
952 |0 0  |1 1  |2 ddc  |3 erb  |4 0  |6 306_000000000000000_LIP_2015  |7 0  |8 A  |9 468373  |a BIBART  |b BIBART  |i 5160707  |o 306 LIP 2015  |p 5160707  |r 2019-11-23  |w 2019-11-23  |y BK  |z Catalogado en:20150529  |k ART